An outline of institutions of the democratic republic of Vietnam
সংরক্ষণ করুন:
| বিন্যাস: | গ্রন্থ |
|---|---|
| ভাষা: | Undetermined |
| প্রকাশিত: |
Hà Nội
Foreign Languages Publishing House
1974
|
| বিষয়গুলি: | |
| ট্যাগগুলো: | ট্যাগ যুক্ত করুন |
| Thư viện lưu trữ: | Trung tâm Học liệu Trường Đại học Cần Thơ |
|---|
| LEADER | 00507nam a2200157Ia 4500 | ||
|---|---|---|---|
| 001 | CTU_6316 | ||
| 008 | 210402s9999 xx 000 0 und d | ||
| 082 | |a 342.597 | ||
| 082 | |b O94 | ||
| 245 | 3 | |a An outline of institutions of the democratic republic of Vietnam | |
| 260 | |a Hà Nội | ||
| 260 | |b Foreign Languages Publishing House | ||
| 260 | |c 1974 | ||
| 650 | |a constitutions, state - vietnam | ||
| 904 | |i Nguyễn Quang Điền, 960819 | ||
| 980 | |a Trung tâm Học liệu Trường Đại học Cần Thơ | ||